000 00768nam a2200253Ia 4500
003 OSt
005 20220928115710.0
006 a|||||r|||| 00| 0
007 ta
008 220927b |||||||| |||| 00| 0 eng d
020 _cINR 399.00
024 _a134112
037 _b0266, 08/03/2017, Bookwell Publications
_cTextual
040 _aSDCL
_cSDCL
_beng
041 _2eng
_aeng
082 _aU.2, Q2 LR
100 _aSanyal Sanjeev
_9405824
245 0 _aLand of the seven rivers
_b A brief history of india's geography
260 _aGurgaon
_bPenguin
_c2012
300 _axi,331p.
_ccm.
650 _aReference
942 _hU.2, Q2 LR
_cTEXL
_2CC
999 _c760594
_d760594